000 00462nam a2200181 4500
003 SEACOMEC
005 20250926113955.0
008 231221b |||||||| |||| 00| 0 eng d
020 _c195.00
_a978-93-325-8560-7
040 _aSEACOMEC
082 1 _a004.00
_bM285
100 1 _aM.Morris Mano
245 1 _aComputer System Architecture
_cM. Morris Mano
250 1 _a3rd ed.
260 1 _aDelhi
_bPearson
_c2005
650 _a Computer architecture
942 _cBOOK
999 _c267
_d267